000
00330nam a22001457a 4500
008
210514b ||||| |||| 00| 0 eng d
020
_a
9781259030536
041
_a
eng
080
_a
658
082
_a
658
100
_a
54
101
_a
LID
245
_a
Canadian Organizational Behavior
_c
Steven L. McShane
942
_2
udc
_c
BK
999
_c
57304
_d
57304